[Event "AUTO-BEG-489"]
[Site "http://www.queenalice.com/game.php?id=948441"]
[Date "2011.6.10"]
[Round "1"]
[White "NinhAlone"]
[Black "Severynnas"]
[Result "1-0"]
[WhiteElo "1204"]
[BlackElo "1283"]

1. Nf3 d5 2. Nc3 e6 3. e4 dxe4 4. Ne5 g6 5. d3 Bc5 6. Ng4 Nc6 7. Bf4 Nd4 8. f3
exd3 9. cxd3 Bb4 10. Qd2 b6 11. Be3 Bxc3 12. Qxc3 Nf6 13. Bxd4 Rg8 14. Nxf6+ Ke7
15. Nxg8+ Qxg8 16. Qxc7+ Ke8 17. Bf6 Bd7 18. O-O-O a5 19. d4 Rc8 20. Qxc8+ Bxc8
21. d5 exd5 22. Rxd5 h5 23. Bb5+ Kf8 24. Re1 g5 25. g4 hxg4 26. fxg4 Qh7 27. Bd3
Qxh2 28. Rd8# 1-0

[Event "AUTO-BEG-489"]
[Site "http://www.queenalice.com/game.php?id=948442"]
[Date "2011.6.10"]
[Round "1"]
[White "Severynnas"]
[Black "NinhAlone"]
[Result "0-1"]
[WhiteElo "1259"]
[BlackElo "1201"]

1. d4 e6 2. Nf3 Nc6 3. e4 Qe7 4. g3 d5 5. exd5 exd5+ 6. Be2 b6 7. O-O Bf5 8. Nc3
O-O-O 9. Nd2 Nf6 10. b3 h5 11. Nce4 dxe4 12. a4 Nxd4 13. b4 g5 14. Bb5 Bg4 15.
Qe1 Qxb4 16. Qe3 Nxb5 17. Ra2 Qc5 18. axb5 Qxb5 19. Re1 Rg8 20. Rxa7 Kd7 21. Nb3
Nd5 22. Qd2 Bb4 23. c3 Bxc3 24. Qa2 Bxe1 25. Nd2 e3 26. fxe3 Nxe3 27. Ra3 Qd5
28. Rxe3 Qxa2 29. Re5 Qa1 30. Rd5+ Kc8 31. Rxd8+ Rxd8 32. Ne4 Qd4+ 33. Kg2 Qxe4+
34. Kg1 Bh3 35. Bxg5 Qe2 36. Bxd8 Qg2# 0-1

[Event "AUTO-BEG-489"]
[Site "http://www.queenalice.com/game.php?id=948443"]
[Date "2011.6.10"]
[Round "1"]
[White "NinhAlone"]
[Black "Scorch"]
[Result "0-1"]
[WhiteElo "1204"]
[BlackElo "1323"]

1. e4 g6 2. Nf3 Bg7 3. Nc3 f6 4. d4 f5 5. e5 d6 6. exd6 cxd6 7. Bb5+ Nc6 8. O-O
a6 9. Bc4 e6 10. a3 Nf6 11. Bg5 h6 12. Bf4 d5 13. Bd3 Nh5 14. Bd2 g5 15. b4 Nf4
16. b5 Ne7 17. Ne5 O-O 18. g3 Nxd3 19. cxd3 axb5 20. Nxb5 Bxe5 21. dxe5 f4 22.
gxf4 gxf4 23. Qg4+ Kh7 24. Bxf4 Nf5 25. f3 Ne3 26. Bxe3 Rg8 27. Qxg8+ Qxg8+ 28.
Kf2 Bd7 29. Rg1 Qf7 30. Nd6 Qe7 31. Nxb7 Ra4 32. Nd6 d4 33. Bf4 Qh4+ 34. Bg3 Qd8
35. f4 Qb6 36. Rgb1 Qc6 37. Ra2 Qc3 38. Rb7 Rxa3 39. Rxd7+ Kg8 40. Bh4 Rxa2+ 41.
Kg3 Qxd3+ 42. Kg4 Qg6+ 43. Kf3 Ra3+ 44. Kf2 Qc2+ 45. Kf1 Ra1+ 46. Be1 Ra2 47.
Rd8+ Kg7 48. Rd7+ Kf8 49. Rf7+ Kg8 50. h4 Qg2# 0-1

[Event "AUTO-BEG-489"]
[Site "http://www.queenalice.com/game.php?id=948444"]
[Date "2011.6.10"]
[Round "1"]
[White "Scorch"]
[Black "NinhAlone"]
[Result "1-0"]
[WhiteElo "1311"]
[BlackElo "1218"]

1. g3 e6 2. Bg2 Nc6 3. b3 Nf6 4. e4 d5 5. d3 e5 6. Nc3 d4 7. Nd5 Nxd5 8. exd5
Ne7 9. Ne2 c6 10. c4 cxd5 11. Bxd5 a5 12. a4 Bh3 13. Bxb7 Ra7 14. Be4 Bf5 15.
Bxf5 Nxf5 16. O-O g6 17. g4 Ne7 18. f4 f5 19. h3 h5 20. g5 h4 21. fxe5 Nc6 22.
Nf4 Rg8 23. Ne6 Qe7 24. Nxf8 Rxf8 25. Qe1 Rh8 26. Rf4 Qxg5+ 27. Kh2 Re7 28. c5
Nb4 29. Qe2 Qxf4+ 30. Bxf4 Nd5 31. e6 Rg8 32. Qe5 Nxf4 33. c6 Nxd3 34. Qxd4 Nb4
35. Rd1 Rxe6 36. c7 Re2+ 37. Kg1 Rc2 38. c8=Q+ Rxc8 39. Qd7+ Kf8 40. Qxc8+ Kf7
41. Qc7+ Kf6 42. Qxa5 Nc6 43. Rd6+ Ke7 44. Rxc6 Rd8 45. Qc7+ Rd7 46. Qe5+ 1-0

[Event "AUTO-BEG-490"]
[Site "http://www.queenalice.com/game.php?id=949747"]
[Date "2011.6.14"]
[Round "1"]
[White "NinhAlone"]
[Black "dlabedz"]
[Result "0-1"]
[WhiteElo "1206"]
[BlackElo "1332"]

1. d4 d5 2. Nc3 c6 3. e4 dxe4 4. Nxe4 e6 5. Bd2 Qxd4 6. Nc3 Qe5+ 7. Qe2 Qxe2+ 8.
Bxe2 Bd7 9. Nf3 f6 10. Ne4 f5 11. Neg5 h6 12. Nh3 g5 13. Nd4 Nf6 14. Nb3 c5 15.
Nxc5 Bxc5 16. Ng1 f4 17. Bf3 e5 18. Bxb7 Bc6 19. Bxa8 Bxa8 20. g3 fxg3 21. hxg3
Ne4 22. Rh2 Rf8 23. Rxh6 Bxf2+ 24. Kf1 Nxd2+ 25. Ke2 Nc4 26. Re6+ Kd7 27. Rg6
Bxg3 28. Rd1+ Ke8 29. Rxg5 Rf2+ 30. Ke1 Rf5+ 0-1

[Event "AUTO-BEG-490"]
[Site "http://www.queenalice.com/game.php?id=949748"]
[Date "2011.6.14"]
[Round "1"]
[White "dlabedz"]
[Black "NinhAlone"]
[Result "1-0"]
[WhiteElo "1318"]
[BlackElo "1193"]

1. d4 d5 2. h3 c6 3. Nc3 Nf6 4. f3 Qc7 5. h4 Bf5 6. Bd2 c5 7. Qc1 cxd4 8. Na4 e5
9. e3 Nh5 10. Ne2 d3 11. cxd3 Bxd3 12. Qxc7 Ba6 13. b4 Be7 14. Qc8+ Bd8 15. g4
O-O 16. gxh5 Be7 17. a3 Rxc8 18. f4 g6 19. Bg2 Rd8 20. Nec3 exf4 21. exf4 gxh5
22. Nxd5 Bd6 23. f5 Bg3+ 24. Kd1 Bb5 25. Nc5 Re8 26. Nc7 Be2+ 27. Kc2 Be5 28.
Nxe8 b6 29. Na4 Nc6 30. Rag1 Rxe8 31. Bxc6+ Bg7 32. Bxe8 Bf3 33. Rh3 Be4+ 34.
Kc1 Bxf5 35. Rhg3 Bg4 36. Rf1 Kf8 37. Re1 Kg8 38. Rc3 a5 39. Rc8 b5 40. Nc3 axb4
41. Bxf7+ Kxf7 42. Rc7+ Kf6 43. Rf1+ Bf5 44. Nd5+ Ke6 45. Nxb4 Be5 46. Re1 Kd6
47. Rc6+ Kd7 48. Rxe5 1-0

[Event "AUTO-BEG-490"]
[Site "http://www.queenalice.com/game.php?id=949749"]
[Date "2011.6.14"]
[Round "1"]
[White "NinhAlone"]
[Black "yugioh1"]
[Result "0-1"]
[WhiteElo "1215"]
[BlackElo "1401"]

1. d4 d5 2. e3 Bf5 3. Bd3 Bxd3 4. cxd3 e6 5. Qa4+ Nc6 6. Nf3 Bb4+ 7. Nbd2 Bxd2+
8. Nxd2 Ne7 9. e4 dxe4 10. dxe4 O-O 11. d5 exd5 12. O-O dxe4 13. Nxe4 Qd5 14.
Ng5 f6 15. Nf3 Nf5 16. Qb3 Qxb3 17. h3 Qf7 18. g4 Nd6 19. Be3 Nc4 20. Bc5 Nxb2
21. g5 fxg5 22. Nxg5 Qf5 23. Rac1 Qxg5+ 24. Kh1 Rf3 25. Rg1 Rxh3# 0-1

[Event "AUTO-BEG-490"]
[Site "http://www.queenalice.com/game.php?id=949750"]
[Date "2011.6.14"]
[Round "1"]
[White "yugioh1"]
[Black "NinhAlone"]
[Result "1-0"]
[WhiteElo "1546"]
[BlackElo "1206"]

1. d4 e6 2. c4 d5 3. Nc3 dxc4 4. a4 Nc6 5. e3 Be7 6. Bxc4 Qd6 7. Bd2 e5 8. Nf3
Be6 9. O-O Bxc4 10. Re1 Nb4 11. dxe5 Qd8 12. Ne4 Nd3 13. Rf1 Nxb2 14. Qc2 Bxf1
15. Rxf1 Ba3 16. Ra1 Qe7 17. Rb1 f6 18. exf6 gxf6 19. Qxc7 Qxc7 20. Rc1 Qd7 21.
Nd4 Ne7 22. Nxf6+ Kd8 23. Nxd7 Kxd7 24. Ra1 Bd6 25. Rb1 Nd3 26. Rxb7+ Bc7 27.
Nb5 Rab8 28. Rxc7+ Kd8 29. Rxa7 Rf8 30. Ba5+ Ke8 31. Nd6# 1-0

[Event "Challenge"]
[Site "http://www.queenalice.com/game.php?id=952732"]
[Date "2011.6.22"]
[Round "-"]
[White "Paulo1210"]
[Black "NinhAlone"]
[Result "1-0"]
[WhiteElo "1214"]
[BlackElo "1217"]

1. e4 e5 2. Qf3 Bd6 3. Bc4 Qe7 4. Nh3 Nc6 5. c3 Na5 6. Bd5 Nf6 7. Qg3 Rg8 8. b4
Nc6 9. Ng5 Nxd5 10. exd5 Nd8 11. a3 h6 12. d3 f6 13. Ne4 f5 14. Qg6+ Nf7 15. Qh7
Kf8 16. Ng3 g6 17. h4 Rh8 18. Qxg6 c6 19. Nxf5 Qe8 20. Nxd6 Nxd6 21. Qxd6+ Kg8
22. O-O cxd5 23. f4 e4 24. Re1 Rh7 25. Re3 Qe7 26. Qg6+ Qg7 27. Qe8+ Qf8 28.
Rg3+ Rg7 29. Qe5 Qf7 30. Rg5 hxg5 31. fxg5 d6 32. Qxd6 Bf5 33. dxe4 Bxe4 34. h5
Rf8 35. Qf6 Qxf6 36. gxf6 Rxf6 37. Nd2 Rxg2+ 38. Kh1 Rf1+ 39. Nxf1 b6 40. Bf4
Rc2+ 41. Kg1 Rxc3 42. Re1 Bd3 43. Re8+ Kf7 44. Re3 d4 45. Re4 Bxe4 46. h6 1-0

[Event "Challenge"]
[Site "http://www.queenalice.com/game.php?id=964065"]
[Date "2011.7.23"]
[Round "-"]
[White "PROFALEXANDRE"]
[Black "NinhAlone"]
[Result "1-0"]
[WhiteElo "1607"]
[BlackElo "1154"]

1. e4 e6 2. d4 Nf6 3. e5 Ng8 4. a3 Nc6 5. Bb5 Nb8 6. Nf3 c6 7. Bc4 d5 8. exd6
Qxd6 9. O-O Be7 10. Nc3 f6 11. Ne4 Qc7 12. g3 f5 13. Nc3 Nf6 14. Bg5 b5 15. Bd3
a5 16. Ne5 Rf8 17. Bxf6 gxf6 18. Qh5+ Kd8 19. Nf7+ Ke8 20. Nh6+ Kd7 21. Rae1 Qd8
22. b4 axb4 23. axb4 Bxb4 24. Qe2 e5 25. Bxf5+ Kc7 26. d5 c5 27. Nxb5+ Kb7 28.
Be4 f5 29. Bh1 Rf6 30. d6+ Nc6 31. Qxe5 Rxh6 32. Bxc6+ Kxc6 33. Nc7 Bb7 34. Qxf5
1-0

[Event "AUTO-BEG-484"]
[Site "http://www.queenalice.com/game.php?id=978677"]
[Date "2011.8.30"]
[Round "2"]
[White "esatni"]
[Black "NinhAlone"]
[Result "1-0"]
[WhiteElo "1526"]
[BlackElo "1158"]

1. e4 e5 2. Bc4 Qe7 3. Qf3 Nf6 4. d3 d6 5. Bg5 Bd7 6. h3 h6 7. Bxf6 gxf6 8. g4
Nc6 9. Ne2 Bg7 10. Nbc3 O-O 11. Nd5 Qd8 12. h4 Nd4 13. Nxd4 exd4 14. h5 c6 15.
Nf4 b5 16. Ng6 Re8 17. O-O-O bxc4 18. dxc4 fxg6 19. Rxd4 d5 20. hxg6 Be6 21. g5
Qe7 22. gxh6 Bh8 23. g7 Qxg7 24. hxg7 Kxg7 25. e5 f5 26. Rdh4 Kf7 27. Rh7+ Bg7
28. Qh5+ Kf8 29. Rg1 Re7 30. Rgxg7 Rxg7 31. Rh8+ Bg8 32. Qxf5+ Ke7 33. Qf6+ Kd7
34. Qxg7+ 1-0

[Event "AUTO-BEG-484"]
[Site "http://www.queenalice.com/game.php?id=978678"]
[Date "2011.8.30"]
[Round "2"]
[White "NinhAlone"]
[Black "esatni"]
[Result "0-1"]
[WhiteElo "1156"]
[BlackElo "1528"]

1. c4 e5 2. Nf3 Qf6 3. e3 Nh6 4. d4 Nc6 5. dxe5 Nxe5 6. Bd2 c6 7. Bc3 Nhg4 8.
Qe2 d5 9. h3 Qh6 10. Nxe5 Nxe5 11. f4 Nxc4 12. Qf2 Bf5 13. Nd2 Bc5 14. Nf3 Bxe3
15. Qe2 O-O 16. b3 Bd2+ 17. Nxd2 Rae8 18. Be5 Nb2 19. Nf3 Nd3+ 20. Kd2 Nxf4 21.
Qf2 Nxh3+ 22. Qe3 d4 23. Bxg7 Kxg7 24. Qxh6+ Kxh6 25. gxh3 c5 26. Rg1 Re3 27.
Re1 Rxf3 28. Bg2 Rd3+ 29. Ke2 b5 30. Kf1 Bxh3 31. Bxh3 Rxh3 32. Re5 c4 33. Rxb5
c3 0-1

[Event "AUTO-BEG-511"]
[Site "http://www.queenalice.com/game.php?id=997898"]
[Date "2011.10.15"]
[Round "1"]
[White "NinhAlone"]
[Black "mudinho"]
[Result "0-1"]
[WhiteElo "1160"]
[BlackElo "1504"]

1. e4 e5 2. Nf3 Nc6 3. Qe2 Nf6 4. Nc3 Bc5 5. d3 O-O 6. Be3 Bxe3 7. Qxe3 Ng4 8.
Qe2 d6 9. Nd5 Be6 10. h3 Nf6 11. Qd2 Nxd5 12. exd5 Bxd5 13. a4 Bxf3 14. gxf3 Qf6
0-1

[Event "AUTO-BEG-511"]
[Site "http://www.queenalice.com/game.php?id=997899"]
[Date "2011.10.15"]
[Round "1"]
[White "mudinho"]
[Black "NinhAlone"]
[Result "1-0"]
[WhiteElo "1502"]
[BlackElo "1162"]

1. e4 e5 2. Nf3 d6 3. Nc3 Nf6 4. Bc4 Qd7 5. Ng5 Qg4 6. Qxg4 Bxg4 7. Nxf7 Rg8 8.
Ng5 Nbd7 9. Bxg8 Nxg8 10. Nxh7 Be7 11. d3 O-O-O 12. Bg5 Re8 13. Nd5 Bxg5 14.
Nxg5 c6 15. Ne3 1-0

[Event "AUTO-BEG-511"]
[Site "http://www.queenalice.com/game.php?id=997900"]
[Date "2011.10.15"]
[Round "1"]
[White "NinhAlone"]
[Black "Severynnas"]
[Result "0-1"]
[WhiteElo "1182"]
[BlackElo "1407"]

1. e3 e5 2. d4 Bb4+ 3. Nc3 exd4 4. exd4 Nf6 5. a3 Bd6 6. Be2 O-O 7. Bf3 Qe8+ 8.
Nce2 Na6 9. Bf4 Be7 10. Nh3 c6 11. Rc1 Nd5 12. Bg5 f6 13. Bh4 d6 14. Qd3 h6 0-1

[Event "AUTO-BEG-511"]
[Site "http://www.queenalice.com/game.php?id=997901"]
[Date "2011.10.15"]
[Round "1"]
[White "Severynnas"]
[Black "NinhAlone"]
[Result "1-0"]
[WhiteElo "1414"]
[BlackElo "1175"]

1. d4 e6 2. Nf3 d5 3. Nc3 c6 4. Bg5 Nf6 5. Na4 Be7 6. Qd3 Bd7 7. O-O-O b5 8. Nc3
h6 9. Bf4 Ng4 10. h3 Nxf2 11. Qd2 Nxh1 12. e3 Na6 13. Bd3 f5 14. Ng1 1-0